| 000 | 01603nam a2200361 i 4500 | ||
|---|---|---|---|
| 999 |
_c1733 _d1733 |
||
| 003 | OSt | ||
| 005 | 20230120162915.0 | ||
| 008 | 170518s2017 nyua j 000 1 eng d | ||
| 020 | _a9781419721366 | ||
| 040 |
_aFMG _beng _erda _cFMG _dFMG _dOCLCO _dNZD _dVIA _dCaOL _dKH8 |
||
| 082 | _aFIC LAR | ||
| 100 | 1 |
_aLaReau, Kara, _eauthor. |
|
| 245 | 1 | 4 |
_aThe unintentional adventures of the Bland Sisters. _n1, _pThe Jolly Regina / _cby Kara LaReau ; illustrated by Jen Hill. |
| 246 | 3 | 0 |
_aAdventures of the Bland Sisters. _n1, _pThe Jolly Regina. |
| 246 | 3 | 0 |
_aBland Sisters. _n1, _pThe Jolly Regina. |
| 246 | 3 | 0 | _aJolly Regina. |
| 264 | 1 |
_aNew York : _bAmulet Books, _c[2017] |
|
| 300 |
_a157 pages : _billustrations ; _c20 cm. |
||
| 336 |
_atext _2rdacontent. |
||
| 337 |
_aunmediated _2rdamedia. |
||
| 338 |
_avolume _2rdacarrier. |
||
| 490 | 1 |
_aUnintentional adventures of the Bland Sisters ; _v1. |
|
| 520 | _a"Meet Jaundice and Kale Bland, two sisters who avoid excitement at any cost. One day, the Bland sisters are kidnapped by an all-female band of pirates. They're unwillingly swept into a high-seas romp that might just lead to solving the mystery of what happened to their missing parents"--Provided by publisher. | ||
| 650 | 0 |
_aSisters _vJuvenile fiction. |
|
| 650 | 0 |
_aPirates _vJuvenile fiction. |
|
| 650 | 0 |
_aMissing persons _vJuvenile fiction. |
|
| 655 | 7 |
_aAction and adventure fiction. _2lcgft. |
|
| 655 | 0 | _aSea stories. | |
| 655 | 0 | _aHumorous fiction. | |
| 700 | 1 |
_aHill, Jen, _d1975- _eillustrator. |
|
| 830 | 0 |
_aUnintentional adventures of the Bland sisters ; _v1. |
|
| 942 |
_2ddc _cFIC |
||